<?xml version="1.0" encoding="UTF-8"?>
<record
    xmlns:xsi="http://www.w3.org/2001/XMLSchema-instance"
    xsi:schemaLocation="http://www.loc.gov/MARC21/slim http://www.loc.gov/standards/marcxml/schema/MARC21slim.xsd"
    xmlns="http://www.loc.gov/MARC21/slim">

  <leader>00909nam a2200241Ia 4500</leader>
  <controlfield tag="003">GCL</controlfield>
  <controlfield tag="005">20240530095629.0</controlfield>
  <controlfield tag="008">140319s9999    xx            000 0 ara d</controlfield>
  <datafield tag="040" ind1=" " ind2=" ">
    <subfield code="a">GCL / </subfield>
    <subfield code="c">GCL</subfield>
  </datafield>
  <datafield tag="082" ind1="0" ind2="4">
    <subfield code="a">323</subfield>
    <subfield code="b">&#x627; &#x644;</subfield>
  </datafield>
  <datafield tag="100" ind1="0" ind2=" ">
    <subfield code="a">&#x627;&#x62D;&#x645;&#x62F; &#x634;&#x648;&#x642;&#x649; &#x628;&#x646;&#x64A;&#x648;&#x628; </subfield>
  </datafield>
  <datafield tag="245" ind1="1" ind2="0">
    <subfield code="a">&#x644;&#x627; &#x62D;&#x645;&#x627;&#x64A;&#x629; &#x644;&#x627;&#x62D;&#x62F; :</subfield>
    <subfield code="b">&#x62F;&#x648;&#x631; &#x62C;&#x627;&#x645;&#x639;&#x629; &#x627;&#x644;&#x62F;&#x648;&#x644; &#x627;&#x644;&#x639;&#x631;&#x628;&#x64A;&#x629; &#x641;&#x649; &#x62D;&#x645;&#x627;&#x64A;&#x629; &#x62D;&#x642;&#x648;&#x642; &#x627;&#x644;&#x627;&#x646;&#x633;&#x627;&#x646; /</subfield>
    <subfield code="c">&#x627;&#x62D;&#x645;&#x62F; &#x634;&#x648;&#x642;&#x649; &#x628;&#x646;&#x64A;&#x648;&#x628; ( &#x648;&#x627;&#x62E; ... ) </subfield>
  </datafield>
  <datafield tag="250" ind1=" " ind2=" ">
    <subfield code="a">&#x627;&#x644;&#x627;&#x648;&#x644;&#x649;</subfield>
  </datafield>
  <datafield tag="260" ind1=" " ind2=" ">
    <subfield code="a">&#x627;&#x644;&#x642;&#x627;&#x647;&#x631;&#x629; : </subfield>
    <subfield code="b">&#x645;&#x631;&#x643;&#x632; &#x627;&#x644;&#x642;&#x627;&#x647;&#x631;&#x629; &#x644;&#x62F;&#x631;&#x627;&#x633;&#x627;&#x62A; &#x62D;&#x642;&#x648;&#x642; &#x627;&#x644;&#x627;&#x646;&#x633;&#x627;&#x646; &#x60C; </subfield>
    <subfield code="c">2006</subfield>
  </datafield>
  <datafield tag="300" ind1=" " ind2=" ">
    <subfield code="a">411 &#x635; &#x61B; </subfield>
    <subfield code="c">24 &#x633;&#x645;</subfield>
  </datafield>
  <datafield tag="490" ind1=" " ind2=" ">
    <subfield code="a">&#x633;&#x644;&#x633;&#x644;&#x629; &#x642;&#x636;&#x627;&#x64A;&#x627; &#x627;&#x644;&#x627;&#x635;&#x644;&#x627;&#x62D; &#x61B;</subfield>
    <subfield code="v">10</subfield>
  </datafield>
  <datafield tag="650" ind1="0" ind2="4">
    <subfield code="a">&#x627;&#x644;&#x62D;&#x642;&#x648;&#x642; &#x627;&#x644;&#x633;&#x64A;&#x627;&#x633;&#x64A;&#x629;</subfield>
  </datafield>
  <datafield tag="650" ind1="0" ind2="4">
    <subfield code="a">&#x62D;&#x642;&#x648;&#x642; &#x627;&#x644;&#x627;&#x646;&#x633;&#x627;&#x646;</subfield>
  </datafield>
  <datafield tag="650" ind1="0" ind2="4">
    <subfield code="a">&#x627;&#x644;&#x62D;&#x642;&#x648;&#x642; &#x627;&#x644;&#x645;&#x62F;&#x646;&#x64A;&#x629;</subfield>
  </datafield>
  <datafield tag="650" ind1="0" ind2="4">
    <subfield code="a">&#x62C;&#x627;&#x645;&#x639;&#x629; &#x627;&#x644;&#x62F;&#x648;&#x644; &#x627;&#x644;&#x639;&#x631;&#x628;&#x64A;&#x629;</subfield>
  </datafield>
  <datafield tag="700" ind1="1" ind2=" ">
    <subfield code="a">&#x628;&#x647;&#x649; &#x627;&#x644;&#x62F;&#x64A;&#x646; &#x62D;&#x633;&#x646;</subfield>
  </datafield>
  <datafield tag="942" ind1=" " ind2=" ">
    <subfield code="2">ddc</subfield>
    <subfield code="c">BK</subfield>
  </datafield>
  <datafield tag="999" ind1=" " ind2=" ">
    <subfield code="c">9009</subfield>
    <subfield code="d">9009</subfield>
  </datafield>
  <datafield tag="952" ind1=" " ind2=" ">
    <subfield code="0">0</subfield>
    <subfield code="1">0</subfield>
    <subfield code="4">0</subfield>
    <subfield code="7">0</subfield>
    <subfield code="a">CAI</subfield>
    <subfield code="b">CAI</subfield>
    <subfield code="d">2014-03-26</subfield>
    <subfield code="l">0</subfield>
    <subfield code="o">323\&#x627; &#x644;</subfield>
    <subfield code="p">18818</subfield>
    <subfield code="r">2014-03-26 00:00:00</subfield>
    <subfield code="w">2014-03-26</subfield>
    <subfield code="y">BK</subfield>
  </datafield>
  <datafield tag="952" ind1=" " ind2=" ">
    <subfield code="0">0</subfield>
    <subfield code="1">0</subfield>
    <subfield code="4">0</subfield>
    <subfield code="7">0</subfield>
    <subfield code="a">CAI</subfield>
    <subfield code="b">CAI</subfield>
    <subfield code="d">2014-03-26</subfield>
    <subfield code="l">0</subfield>
    <subfield code="o">323\&#x627; &#x644;</subfield>
    <subfield code="p">18819</subfield>
    <subfield code="r">2014-03-26 00:00:00</subfield>
    <subfield code="w">2014-03-26</subfield>
    <subfield code="y">BK</subfield>
  </datafield>
</record>
